Problems in mathematical analysis (Record no. 17833)

MARC details
000 -LEADER
fixed length control field 00591nam a2200193Ia 4500
003 - CONTROL NUMBER IDENTIFIER
control field IN-BaIIA
008 - FIXED-LENGTH DATA ELEMENTS--GENERAL INFORMATION
fixed length control field 211028s9999 xx 000 0 eng d
040 ## - CATALOGING SOURCE
Transcribing agency IIA Library
080 ## - UNIVERSAL DECIMAL CLASSIFICATION NUMBER
Universal Decimal Classification number 51
Item number PRO
245 #0 - TITLE STATEMENT
Title Problems in mathematical analysis
Statement of responsibility, etc. edited by B. Demidovich
260 ## - PUBLICATION, DISTRIBUTION, ETC.
Place of publication, distribution, etc. Moscow
Name of publisher, distributor, etc. MIR Publishers
Date of publication, distribution, etc. 1973
300 ## - PHYSICAL DESCRIPTION
Extent 496p.
650 ## - SUBJECT ADDED ENTRY--TOPICAL TERM
Topical term or geographic name entry element Differential equations
9 (RLIN) 1510
650 ## - SUBJECT ADDED ENTRY--TOPICAL TERM
Topical term or geographic name entry element Indefinite integrals
9 (RLIN) 33872
650 ## - SUBJECT ADDED ENTRY--TOPICAL TERM
Topical term or geographic name entry element Mathemetics
9 (RLIN) 33873
700 ## - ADDED ENTRY--PERSONAL NAME
Personal name Demidovich, B., ed.
9 (RLIN) 33874
700 ## - ADDED ENTRY--PERSONAL NAME
Personal name Yankovsky, G., tr.
9 (RLIN) 33875
942 ## - ADDED ENTRY ELEMENTS (KOHA)
Koha item type Books
Holdings
Withdrawn status Lost status Damaged status Not for loan Home library Current library Shelving location Date acquired Cost, normal purchase price Total Checkouts Full call number Barcode Date last seen Cost, replacement price Price effective from Koha item type Purchase Price
        IIA Library-Bangalore IIA Library-Bangalore General Stacks 07/10/2010 1785.91   51/ PRO 18755 05/11/2021 1785.91 07/10/2010 Books Rs. 1785.91

Powered by Koha